[Event "Heusenstamm Sparkassen op-A 5th"]
[Site "Heusenstamm"]
[Date "2018.11.23"]
[Round "3"]
[White "Berberich, Christoph"]
[Black "Bunjaku, Lulzim"]
[Result "1-0"]
[WhiteElo "1997"]
[BlackElo "1807"]
[PlyCount "36"]
[EventDate "2018.11.22"]
[EventType "swiss"]
[EventRounds "7"]
[EventCountry "GER"]
[SourceTitle "CBM 188 Extra"]
[Source "ChessBase"]
[SourceDate "2019.02.28"]
[SourceVersion "1"]
[SourceVersionDate "2019.02.28"]
[SourceQuality "1"]

1. d4 f5 2. Bg5 Nf6 3. Bxf6 exf6 4. e3 b6 5. Bd3 d5 6. h4 Bd6 7. Qf3 Qd7 8. c4 c6 9. cxd5 cxd5 10. Nc3 Bb4 11. Nge2 0-0 12. 0-0 Rd8 13. Rac1 a6 14. Qxd5+ Qxd5 15. Nxd5 Rxd5 16. Bc4 Bb7 17. Nf4 Nd7 18. Nxd5 Kf8 1-0

[Event "Heusenstamm Sparkassen op-A 5th"]
[Site "Heusenstamm"]
[Date "2018.11.23"]
[Round "2"]
[White "Diez, Gerhard"]
[Black "Bunjaku, Lulzim"]
[Result "1-0"]
[WhiteElo "1984"]
[BlackElo "1807"]
[PlyCount "89"]
[EventDate "2018.11.22"]
[EventType "swiss"]
[EventRounds "7"]
[EventCountry "GER"]
[SourceTitle "CBM 188 Extra"]
[Source "ChessBase"]
[SourceDate "2019.02.28"]
[SourceVersion "1"]
[SourceVersionDate "2019.02.28"]
[SourceQuality "1"]

1. e4 c5 2. Nf3 Nc6 3. d4 cxd4 4. Nxd4 g6 5. c4 Bg7 6. Nc2 d6 7. Be2 e6 8. 0-0 Nge7 9. Nc3 0-0 10. Be3 Bxc3 11. bxc3 f5 12. exf5 Nxf5 13. Bd2 e5 14. Ne3 Nxe3 15. Bxe3 Be6 16. Bf3 Bxc4 17. Bd5+ Bxd5 18. Qxd5+ Kg7 19. Rab1 Rf7 20. Rfd1 Rd7 21. c4 Qf6 22. Rb3 Rad8 23. Qd2 Qe6 24. Bg5 Rc8 25. Ra3 Nd4 26. f4 Rxc4 27. Qe1 Qd5 28. Qh4 Rc2 29. Qh3 Qf7 30. Bh6+ Kg8 31. Rf1 Nf5 32. fxe5 d5 33. Raf3 Qe6 34. Bf4 Rxa2 35. Rc1 Rd8 36. Rc7 Ra1+ 37. Bc1 Rd7 38. Rc8+ Kg7 39. g4 Rf7 40. gxf5 Qxc8 41. f6+ Kg8 42. Qxc8+ Rf8 43. Qc3 Ra6 44. Bh6 Rc6 45. Qd2 1-0

[Event "Heusenstamm Sparkassen op-B 4th"]
[Site "Heusenstamm"]
[Date "2017.11.24"]
[Round "2"]
[White "Bunjaku, Lulzim"]
[Black "Haenselmann, Hendrik"]
[Result "1-0"]
[WhiteElo "1756"]
[BlackElo "1597"]
[PlyCount "80"]
[EventDate "2017.11.23"]
[EventType "swiss"]
[EventRounds "7"]
[EventCountry "GER"]
[SourceTitle "EXT 2019"]
[Source "ChessBase"]
[SourceDate "2018.10.10"]
[SourceVersion "1"]
[SourceVersionDate "2018.10.10"]
[SourceQuality "1"]

1. f4 d5 2. Nf3 Nf6 3. e3 Bf5 4. c4 e6 5. Nc3 c5 6. d4 Nc6 7. Be2 Be7 8. 0-0 0-0 9. Ne5 Qc7 10. b3 Rad8 11. Nb5 Qb6 12. Bb2 Nb4 13. a4 a5 14. Bd3 Nxd3 15. Nxd3 Ne4 16. g4 Bg6 17. f5 exf5 18. gxf5 Bxf5 19. Nf4 dxc4 20. bxc4 Bg5 21. Qh5 Bg6 22. Qg4 Rfe8 23. Nd5 Qe6 24. Qg2 Qc8 25. Nbc7 Rf8 26. h4 Bxh4 27. Rf4 Bg5 28. Rxe4 Bxe4 29. Qxe4 Rd7 30. dxc5 Rxc7 31. Qe5 Qg4+ 32. Kh2 f6 33. Qxc7 Qe2+ 34. Kh3 Qxb2 35. Rd1 Qe2 36. Ne7+ Kf7 37. Nf5+ Kg6 38. Qxg7+ Kxf5 39. Qxh7+ Ke6 40. Rd6+ Ke5 1-0

[Event "Heusenstamm Sparkassen op-A 3rd"]
[Site "Heusenstamm"]
[Date "2016.11.27"]
[Round "7"]
[White "Bunjaku, Lulzim"]
[Black "Wagner, Guenter"]
[Result "1/2-1/2"]
[WhiteElo "1788"]
[BlackElo "1725"]
[PlyCount "45"]
[EventDate "2016.11.24"]
[EventType "swiss"]
[EventRounds "7"]
[EventCountry "GER"]
[SourceTitle "EXT 2018"]
[Source "ChessBase"]
[SourceDate "2017.10.13"]
[SourceVersion "1"]
[SourceVersionDate "2017.10.13"]
[SourceQuality "1"]

1. f4 Nf6 2. Nf3 d6 3. e3 c5 4. Nc3 g6 5. Bc4 d5 6. Bb5+ Bd7 7. Bxd7+ Nbxd7 8. d4 Bg7 9. Ne5 0-0 10. 0-0 e6 11. b3 a6 12. a4 cxd4 13. exd4 Rc8 14. Rf3 Nb8 15. b4 Nc6 16. b5 Na5 17. bxa6 bxa6 18. Ba3 Re8 19. Qd3 Nc4 20. Bc5 Nd7 21. Nxd7 Qxd7 22. a5 Rb8 23. Na4 1/2-1/2

[Event "Heusenstamm Sparkassen op-A 3rd"]
[Site "Heusenstamm"]
[Date "2016.11.27"]
[Round "6"]
[White "Iwanziw, Niklas"]
[Black "Bunjaku, Lulzim"]
[Result "1-0"]
[WhiteElo "1902"]
[BlackElo "1788"]
[PlyCount "58"]
[EventDate "2016.11.24"]
[EventType "swiss"]
[EventRounds "7"]
[EventCountry "GER"]
[SourceTitle "EXT 2018"]
[Source "ChessBase"]
[SourceDate "2017.10.13"]
[SourceVersion "1"]
[SourceVersionDate "2017.10.13"]
[SourceQuality "1"]

1. d4 f5 2. c4 Nf6 3. Nc3 e6 4. g3 Be7 5. Nf3 0-0 6. Bg2 c5 7. 0-0 cxd4 8. Nxd4 Nc6 9. a3 a6 10. e4 fxe4 11. Nxe4 Nxe4 12. Bxe4 Bc5 13. Qh5 g6 14. Qxc5 d6 15. Nxc6 bxc6 16. Qxc6 Rb8 17. Qa4 Qf6 18. Rb1 Rf7 19. b4 Qd4 20. Qc2 d5 21. cxd5 exd5 22. Bg2 Bf5 23. Qb2 Qc4 24. Bf4 Bxb1 25. Bxb8 Be4 26. Rc1 Qd3 27. Rc8+ Rf8 28. Rxf8+ Kxf8 29. Qf6+ Ke8 1-0

[Event "Heusenstamm Sparkassen op-A 2nd"]
[Site "Heusenstamm"]
[Date "2015.11.29"]
[Round "7"]
[White "Bunjaku, Lulzim"]
[Black "Zirlik, Rudi"]
[Result "1-0"]
[WhiteElo "1766"]
[BlackElo "1937"]
[PlyCount "119"]
[EventDate "2015.11.26"]
[EventType "swiss"]
[EventRounds "7"]
[EventCountry "GER"]
[SourceTitle "EXT 2018"]
[Source "ChessBase"]
[SourceDate "2017.10.13"]
[SourceVersion "1"]
[SourceVersionDate "2017.10.13"]
[SourceQuality "1"]

1. f4 e5 2. d3 Nc6 3. Nf3 d6 4. e4 Bg4 5. h3 Bxf3 6. Qxf3 Nd4 7. Qf2 Be7 8. c3 Ne6 9. f5 Nc5 10. b4 Nd7 11. Be2 Ngf6 12. 0-0 d5 13. Bf3 d4 14. cxd4 Bxb4 15. Ba3 a5 16. Bxb4 axb4 17. Nd2 exd4 18. Qxd4 c5 19. Qc4 b6 20. e5 Nxe5 21. Rfe1 Qc7 22. Qb5+ Kf8 23. Bxa8 Qd8 24. Kh1 Nxd3 25. Re2 Nf4 26. Rf2 Nd3 27. Rff1 Qd4 28. Qxb6 Nf2+ 29. Rxf2 Qxa1+ 30. Nf1 Qd4 31. Rd2 Qe5 32. Rd8+ Ne8 33. Bc6 Ke7 34. Rd5 Qf4 35. Qxc5+ Kf6 36. Bb5 g6 37. Rd4 Qg5 38. Rd8 Qf4 39. fxg6 hxg6 40. Qd4+ Qxd4 41. Rxd4 Nc7 42. Rxb4 Rh5 43. a4 Ke6 44. Ng3 Rc5 45. Bc4+ Ke7 46. Ne4 Re5 47. Rb7 Rxe4 48. Rxc7+ Kd6 49. Rc8 Kd7 50. Ba6 Re6 51. Ra8 Re1+ 52. Kh2 f5 53. Bb5+ Kd6 54. Ra6+ Ke5 55. Rxg6 f4 56. Rg8 Kf5 57. h4 f3 58. Bd7+ Kf6 59. gxf3 Kf7 60. Rg4 1-0

[Event "Heusenstamm Sparkassen op-A 2nd"]
[Site "Heusenstamm"]
[Date "2015.11.27"]
[Round "3"]
[White "Bunjaku, Lulzim"]
[Black "Bitzer, Andre"]
[Result "1-0"]
[WhiteElo "1766"]
[BlackElo "1617"]
[PlyCount "51"]
[EventDate "2015.11.26"]
[EventType "swiss"]
[EventRounds "7"]
[EventCountry "GER"]
[SourceTitle "EXT 2018"]
[Source "ChessBase"]
[SourceDate "2017.10.13"]
[SourceVersion "1"]
[SourceVersionDate "2017.10.13"]
[SourceQuality "1"]

1. f4 d5 2. Nf3 Nf6 3. e3 Bg4 4. c4 e6 5. Nc3 c6 6. b3 g6 7. Be2 Bg7 8. 0-0 0-0 9. d4 Ne4 10. Bb2 Nd7 11. Ne5 Bxe2 12. Qxe2 Ndf6 13. c5 Nxc3 14. Bxc3 Ne4 15. Bb2 Qa5 16. a3 Qd2 17. Rfe1 f6 18. Nf3 Qxe2 19. Rxe2 Rac8 20. b4 Rf7 21. Nd2 b6 22. Nxe4 dxe4 23. cxb6 axb6 24. Rc2 Bf8 25. Rac1 f5 26. Rxc6 1-0

[Event "Heusenstamm Schloss op 1st"]
[Site "Heusenstamm"]
[Date "2014.11.23"]
[Round "6"]
[White "Bunjaku, Lulzim"]
[Black "Willenbring, Jens Dirk"]
[Result "1/2-1/2"]
[WhiteElo "1802"]
[BlackElo "1577"]
[PlyCount "104"]
[EventDate "2014.11.20"]
[EventType "swiss"]
[EventRounds "7"]
[EventCountry "GER"]
[SourceTitle "CBM 163 Extra"]
[Source "ChessBase"]
[SourceDate "2014.12.23"]
[SourceVersion "1"]
[SourceVersionDate "2014.12.23"]
[SourceQuality "1"]

1. f4 d5 2. Nf3 Nf6 3. d4 Nc6 4. e3 Bg4 5. c4 e6 6. Nc3 Be7 7. a3 Ne4 8. Be2 Nxc3 9. bxc3 0-0 10. 0-0 Bf6 11. Ne5 Bxe2 12. Qxe2 Be7 13. c5 f5 14. Rf3 Nxe5 15. fxe5 g5 16. Bb2 g4 17. Rf2 Bh4 18. g3 Bg5 19. Raf1 c6 20. Kg2 Rf7 21. Rh1 h5 22. h3 Qd7 23. hxg4 hxg4 24. Rh5 Qe7 25. Rf1 Rh7 26. Rfh1 Rxh5 27. Rxh5 Kg7 28. Bc1 Rh8 29. Rxh8 Kxh8 30. Qf1 Qh7 31. Qh1 Qxh1+ 32. Kxh1 Kg7 33. Kg2 Kf7 34. Kf2 Ke7 35. Ke2 Kd7 36. Kd3 Kc7 37. c4 b6 38. cxd5 cxd5 39. cxb6+ axb6 40. Kc3 Kc6 41. Kb4 Be7+ 42. Kb3 b5 43. Bd2 Kb6 44. Bb4 Bg5 45. Bd2 Bh6 46. Kb2 Bf8 47. Kb3 Bh6 48. a4 bxa4+ 49. Kxa4 Kc6 50. Ka5 Bg5 51. Ka6 Bh6 52. Bc1 Bg5 1/2-1/2

[Event "Heusenstamm Schloss op 1st"]
[Site "Heusenstamm"]
[Date "2014.11.20"]
[Round "1"]
[White "Alber, Horst"]
[Black "Bunjaku, Lulzim"]
[Result "1-0"]
[WhiteElo "2305"]
[BlackElo "1802"]
[PlyCount "53"]
[EventDate "2014.11.20"]
[EventType "swiss"]
[EventRounds "7"]
[EventCountry "GER"]
[SourceTitle "CBM 163 Extra"]
[Source "ChessBase"]
[SourceDate "2014.12.23"]
[SourceVersion "1"]
[SourceVersionDate "2014.12.23"]
[SourceQuality "1"]

1. d4 f5 2. g3 Nf6 3. Bg2 d5 4. c4 e6 5. Nf3 Be7 6. 0-0 0-0 7. Qc2 c6 8. e3 Nbd7 9. cxd5 cxd5 10. Nc3 b6 11. Ng5 Nb8 12. Bd2 Ne4 13. Ngxe4 fxe4 14. Nxe4 Ba6 15. Rfc1 dxe4 16. Qxe4 Qd7 17. Qxa8 Bd6 18. Qe4 Qf7 19. f4 Nd7 20. Qc6 Qe7 21. Qa4 Bd3 22. Rc6 a5 23. Rac1 Ba6 24. b4 Bb7 25. Rxd6 Qxd6 26. Bxb7 e5 27. Qc6 1-0